[Event "Prostejov op"]
[Site "Prostejov"]
[Date "2023.12.29"]
[Round "4"]
[White "Valenta, Vit"]
[Black "Kharchenko, Michail"]
[Result "0-1"]
[WhiteElo "2021"]
[BlackElo "1880"]
[PlyCount "72"]
[EventDate "2023.12.28"]
[EventType "swiss"]
[EventRounds "7"]
[EventCountry "CZE"]
[SourceTitle "CB02_2024"]
[SourceDate "2024.01.10"]
[SourceVersion "1"]
[SourceVersionDate "2024.01.10"]
[SourceQuality "1"]

1. Nf3 Nf6 2. g3 d5 3. Bg2 c5 4. 0-0 Nc6 5. d3 e6 6. Nbd2 Be7 7. e4 b6 8. Re1 Bb7 9. exd5 exd5 10. Nh4 Qd7 11. Ndf3 0-0 12. c3 Rfe8 13. Ng5 h6 14. Bh3 Qc7 15. Nxf7 Bf8 16. Be6 Rxe6 17. Nxh6+ gxh6 18. Rxe6 Qf7 19. Re1 d4 20. c4 Kh7 21. a3 Nd7 22. Bf4 Bg7 23. Qf3 Rf8 24. Qe4+ Kg8 25. Ng6 Nce5 26. Ne7+ Qxe7 27. Qxb7 Qf7 28. Re2 Nxd3 29. Bd6 Re8 30. Rxe8+ Qxe8 31. Qf3 Qg6 32. Qd5+ Kh7 33. f4 Nxb2 34. f5 Qf6 35. Re1 d3 36. Re6 Qd4+ 0-1

[Event "Olomouc op 23rd"]
[Site "Olomouc"]
[Date "2022.08.14"]
[Round "2"]
[White "Kharchenko, Michail"]
[Black "Al Ali, Hussein Ali Hussein"]
[Result "1/2-1/2"]
[WhiteElo "1880"]
[BlackElo "2235"]
[PlyCount "176"]
[EventDate "2022.08.13"]
[EventType "swiss"]
[EventRounds "9"]
[EventCountry "CZE"]
[SourceTitle "CBM 209 Extra"]
[Source "ChessBase"]
[SourceDate "2022.09.30"]
[SourceVersion "1"]
[SourceVersionDate "2022.09.30"]
[SourceQuality "1"]

1. e4 e5 2. Nf3 Nc6 3. Bc4 Nf6 4. d3 Be7 5. c3 0-0 6. Bb3 d6 7. Nbd2 Be6 8. Bc2 h6 9. h3 d5 10. Qe2 Re8 11. 0-0 Bf8 12. Re1 a6 13. Nf1 d4 14. Ng3 g6 15. Nh2 Nd7 16. f4 exf4 17. Bxf4 Nde5 18. Nf3 Nxf3+ 19. Qxf3 Bg7 20. Ne2 Qd7 21. Ba4 b5 22. Bb3 Bxb3 23. axb3 dxc3 24. bxc3 b4 25. Ra4 a5 26. Rc1 bxc3 27. Nxc3 Nd4 28. Qd1 c6 29. Ne2 Rad8 30. Nxd4 Bxd4+ 31. Kh1 Bg7 32. Qc2 Qxd3 33. Qxc6 Qxb3 34. Rxa5 g5 35. Bc7 Rc8 36. Rac5 Qe3 37. e5 Bxe5 38. Qd7 Bxc7 39. Rxc7 Qxc1+ 40. Rxc1 Rxc1+ 41. Kh2 Rce1 42. Qg4 R8e6 43. Qf5 R1e4 44. Qd5 Kg7 45. Qf5 R6e5 46. Qd7 h5 47. Qc7 h4 48. Qc3 Kg6 49. Qc2 Re6 50. Qd3 f5 51. Qd8 Re8 52. Qd6+ R4e6 53. Qd3 Rf8 54. Qd7 Ref6 55. Qd3 Kh6 56. Kg1 R8f7 57. Qd8 Rf8 58. Qd3 g4 59. Qd2+ Kg6 60. Qd3 g3 61. Qd7 Rb6 62. Kf1 Rfb8 63. Ke2 Rb2+ 64. Kd3 R2b7 65. Qe6+ Kg5 66. Qe3+ Kh5 67. Qe2+ Kg5 68. Qe3+ Kf6 69. Qh6+ Ke5 70. Qe3+ Kd5 71. Qf3+ Ke6 72. Qe3+ Kf7 73. Qh6 Rb3+ 74. Kc4 R8b4+ 75. Kc5 Rb5+ 76. Kc4 R3b4+ 77. Kc3 Ke7 78. Qg7+ Ke6 79. Qg6+ Ke5 80. Qg7+ Kd6 81. Qf6+ Kc7 82. Qe7+ Kc6 83. Qe6+ Kb7 84. Qd7+ Kb6 85. Qd8+ Ka7 86. Qc7+ Ka6 87. Qc6+ Ka7 88. Qc7+ Ka6 1/2-1/2

[Event "Prague Golden Rapid op 17th"]
[Site "Prague"]
[Date "2022.07.09"]
[Round "1"]
[White "Repetilo, Daria"]
[Black "Kharchenko, Michail"]
[Result "0-1"]
[WhiteElo "1358"]
[BlackElo "1941"]
[PlyCount "60"]
[EventDate "2022.07.09"]
[EventType "swiss (rapid)"]
[EventRounds "7"]
[EventCountry "CZE"]
[SourceTitle "CBM 209 Extra"]
[Source "ChessBase"]
[SourceDate "2022.09.30"]
[SourceVersion "1"]
[SourceVersionDate "2022.09.30"]
[SourceQuality "1"]

1. e4 c5 2. Nf3 d6 3. d4 cxd4 4. Nxd4 Nf6 5. Nc3 a6 6. Be2 e5 7. Nb3 Be7 8. 0-0 Be6 9. f4 Qb6+ 10. Kh1 exf4 11. Bxf4 0-0 12. Nd5 Bxd5 13. exd5 Nbd7 14. Bf3 Ne5 15. Bxe5 dxe5 16. Qe2 Bd6 17. Rab1 Qc7 18. g3 e4 19. Bg2 Rae8 20. c4 b5 21. cxb5 axb5 22. Qxb5 Bxg3 23. hxg3 Qxg3 24. Qe2 Ng4 25. Bxe4 Rxe4 26. Qg2 Qh4+ 27. Kg1 Re3 28. Rf3 Rfe8 29. Rbf1 Rxf3 30. Qxf3 Qh2# 0-1

[Event "Prague Golden Rapid op 17th"]
[Site "Prague"]
[Date "2022.07.09"]
[Round "7"]
[White "Urbanek, Stepan"]
[Black "Kharchenko, Michail"]
[Result "1-0"]
[WhiteElo "2019"]
[BlackElo "1941"]
[PlyCount "113"]
[EventDate "2022.07.09"]
[EventType "swiss (rapid)"]
[EventRounds "7"]
[EventCountry "CZE"]
[SourceTitle "CBM 209 Extra"]
[Source "ChessBase"]
[SourceDate "2022.09.30"]
[SourceVersion "1"]
[SourceVersionDate "2022.09.30"]
[SourceQuality "1"]

1. d4 Nf6 2. Nf3 e6 3. g3 b6 4. Bg2 Bb7 5. 0-0 Be7 6. b3 0-0 7. Bb2 Ne4 8. Nbd2 f5 9. c4 Bf6 10. Qc2 Nxd2 11. Qxd2 c5 12. Rfd1 d6 13. dxc5 dxc5 14. Qxd8 Bxd8 15. Ne5 Bxg2 16. Kxg2 Bc7 17. Rd2 Na6 18. Rad1 f4 19. Rd7 fxg3 20. hxg3 Rad8 21. Nc6 Rxd7 22. Rxd7 Rf7 23. Rxf7 Kxf7 24. Nxa7 Nb4 25. a3 Nc2 26. Nb5 Bd8 27. Kf1 Bf6 28. Bxf6 gxf6 29. e3 Na1 30. b4 cxb4 31. axb4 Nc2 32. c5 Nxb4 33. cxb6 Ke7 34. Ke2 Kd7 35. Kf3 e5 36. Ke4 Kc6 37. Nc3 Kxb6 38. Kf5 Nd3 39. f4 Kc5 40. Ne4+ Kc6 41. Nxf6 h6 42. Ng8 exf4 43. exf4 h5 44. Kg5 Kd5 45. Kxh5 Ke6 46. Kg6 Kd7 47. f5 Ke8 48. Kg7 Nc5 49. g4 Nd7 50. f6 Ne5 51. g5 Kd7 52. g6 Ke6 53. f7 Nd7 54. f8Q Nxf8 55. Kxf8 Kf5 56. g7 Kg6 57. Ne7+ 1-0